<?xml version="1.0" encoding="UTF-8"?>
<record
    xmlns:xsi="http://www.w3.org/2001/XMLSchema-instance"
    xsi:schemaLocation="http://www.loc.gov/MARC21/slim http://www.loc.gov/standards/marcxml/schema/MARC21slim.xsd"
    xmlns="http://www.loc.gov/MARC21/slim">

  <leader>03402nam a2200565Ia 4500</leader>
  <controlfield tag="001">4382</controlfield>
  <controlfield tag="008">241029s9999    xx            000 0 und d</controlfield>
  <datafield tag="010" ind1=" " ind2=" ">
    <subfield code="a">4124</subfield>
  </datafield>
  <datafield tag="041" ind1=" " ind2=" ">
    <subfield code="a">Espa&#xF1;ol</subfield>
  </datafield>
  <datafield tag="082" ind1=" " ind2=" ">
    <subfield code="a">MGC.14-026              </subfield>
  </datafield>
  <datafield tag="245" ind1=" " ind2="0">
    <subfield code="a">Incidencia de la promoci&#xF3;n autom&#xE1;tica en la repitencia de los/as estudiantes del tercer grado de la secci&#xF3;n </subfield>
  </datafield>
  <datafield tag="260" ind1=" " ind2=" ">
    <subfield code="a">Santiago</subfield>
  </datafield>
  <datafield tag="300" ind1=" " ind2=" ">
    <subfield code="a">107</subfield>
  </datafield>
  <datafield tag="520" ind1=" " ind2=" ">
    <subfield code="a">5</subfield>
  </datafield>
  <datafield tag="630" ind1=" " ind2=" ">
    <subfield code="a">Calidad Educativa</subfield>
  </datafield>
  <datafield tag="630" ind1=" " ind2=" ">
    <subfield code="a">Conocimientos previos</subfield>
  </datafield>
  <datafield tag="630" ind1=" " ind2=" ">
    <subfield code="a">Repetici&#xF3;n de Cursos</subfield>
  </datafield>
  <datafield tag="650" ind1=" " ind2=" ">
    <subfield code="a">T&#xE9;cnicas de ense&#xF1;anza</subfield>
  </datafield>
  <datafield tag="690" ind1=" " ind2=" ">
    <subfield code="a">Elaborado</subfield>
  </datafield>
  <datafield tag="700" ind1=" " ind2=" ">
    <subfield code="e">asesor</subfield>
    <subfield code="a">Collado, Rafael</subfield>
  </datafield>
  <datafield tag="700" ind1=" " ind2=" ">
    <subfield code="e">autor</subfield>
    <subfield code="a">Osoria Susana, Josefina </subfield>
  </datafield>
  <datafield tag="700" ind1=" " ind2=" ">
    <subfield code="e">autor</subfield>
    <subfield code="a">G&#xF3;mez de la Cruz, Felipa Antonia </subfield>
  </datafield>
  <datafield tag="700" ind1=" " ind2=" ">
    <subfield code="e">autor</subfield>
    <subfield code="a"> Arias ,  Luis Yovanny</subfield>
  </datafield>
  <datafield tag="901" ind1=" " ind2=" ">
    <subfield code="a">{"1":"Osoria Susana","2":"G&#xF3;mez de la Cruz","3":" Arias "}</subfield>
    <subfield code="b">{"1":"Josefina ","2":"Felipa Antonia ","3":" Luis Yovanny"}</subfield>
  </datafield>
  <datafield tag="902" ind1=" " ind2=" ">
    <subfield code="a">1</subfield>
  </datafield>
  <datafield tag="903" ind1=" " ind2=" ">
    <subfield code="a">{"1":"Collado"}</subfield>
    <subfield code="b">{"1":"Rafael"}</subfield>
  </datafield>
  <datafield tag="904" ind1=" " ind2=" ">
    <subfield code="a">Mag&#xED;ster en</subfield>
  </datafield>
  <datafield tag="905" ind1=" " ind2=" ">
    <subfield code="a">Gesti&#xF3;n de Centros Educativos</subfield>
  </datafield>
  <datafield tag="906" ind1=" " ind2=" ">
    <subfield code="a">2</subfield>
  </datafield>
  <datafield tag="907" ind1=" " ind2=" ">
    <subfield code="a">NO APLICA</subfield>
  </datafield>
  <datafield tag="908" ind1=" " ind2=" ">
    <subfield code="a">NO APLICA</subfield>
  </datafield>
  <datafield tag="909" ind1=" " ind2=" ">
    <subfield code="a">Universidad Abierta para Adultos (UAPA), Recinto Santiago</subfield>
  </datafield>
  <datafield tag="910" ind1=" " ind2=" ">
    <subfield code="a">NULL</subfield>
    <subfield code="b">NULL</subfield>
  </datafield>
  <datafield tag="911" ind1=" " ind2=" ">
    <subfield code="a">["1"]</subfield>
  </datafield>
  <datafield tag="912" ind1=" " ind2=" ">
    <subfield code="a">NO APLICA</subfield>
  </datafield>
  <datafield tag="913" ind1=" " ind2=" ">
    <subfield code="a">NULL</subfield>
  </datafield>
  <datafield tag="914" ind1=" " ind2=" ">
    <subfield code="a">10 de Septiembre de 2014</subfield>
  </datafield>
  <datafield tag="915" ind1=" " ind2=" ">
    <subfield code="a">20/07/15 12:07</subfield>
  </datafield>
  <datafield tag="916" ind1=" " ind2=" ">
    <subfield code="a">NULL</subfield>
  </datafield>
  <datafield tag="917" ind1=" " ind2=" ">
    <subfield code="a">NULL</subfield>
  </datafield>
  <datafield tag="918" ind1=" " ind2=" ">
    <subfield code="a">NO APLICA</subfield>
  </datafield>
  <datafield tag="919" ind1=" " ind2=" ">
    <subfield code="a">["29","234","178"]</subfield>
  </datafield>
  <datafield tag="520" ind1=" " ind2=" ">
    <subfield code="a">El Estudio plante&#xF3; como objetivo general, determinar la incidencia de la Promoci&#xF3;n Autom&#xE1;tica en la Repitencia de los/as estudiantes del tercer grado de la secci&#xF3;n "A" del Nivel B&#xE1;sico del Centro Educativo Hermanas Mirabal del Distrito Educativo 16- 06 del Municipio de Bonao A&#xF1;o Escolar 2013-2014La investigaci&#xF3;n fue de tipo descriptiva, de campo, anal&#xED;tica y no experimental. EL m&#xE9;todo empleado fue el deductivo. Se emple&#xF3; como t&#xE9;cnica la encuesta y la entrevista, y como instrumento el cuestionario. El universo del estudio estuvo compuesto por &#xA0;el director del &#xA0;Centro Educativo, la docente que imparte en esta secci&#xF3;n &#xA0;y los 24 alumnos del tercer grado del centro educativo objeto de estudio.Los resultados de la investigaci&#xF3;n mostraron que al analizar la promoci&#xF3;n autom&#xE1;tica existen algunas causas &#xA0;con relaci&#xF3;n a la repitencia del grado de referencia que son: falta de apropiaci&#xF3;n de los conocimientos para el grado de desconocimiento de los padres con relaci&#xF3;n a los criterios de evaluaci&#xF3;n relacionada con la promoci&#xF3;n autom&#xE1;tica, establecido en la ordenanza &#xA0; 1- 96; espec&#xED;ficamente en un 30%, pocos valores y aplicaci&#xF3;n de los estudiantes, comportamiento inadecuado, falta de apoyo y compromiso de los padres por la promoci&#xF3;n autom&#xE1;tica y por falta de estrategias educativas de los docentes en su pr&#xE1;ctica pedag&#xF3;gica, ya que la entrevista aplicada a los docentes arroj&#xF3; que los estudiantes pasan al tercer grado sin competencias de los contenidos curriculares requeridos para el grado de referencia, &#xA0;lo que &#xA0;ha ocasionado que&#xA0;&#xE9;stos posean un alto &#xED;ndice de repitencia. &#xA0;El estudio recomend&#xF3; a las autoridades del Ministerio de Educaci&#xF3;n, que reevalue la aplicaci&#xF3;n de la ordenanza &#xA0;1- 96 en su art&#xED;culo 47 referido a la promoci&#xF3;n autom&#xE1;tica.</subfield>
  </datafield>
  <datafield tag="921" ind1=" " ind2=" ">
    <subfield code="a">11</subfield>
  </datafield>
  <datafield tag="922" ind1=" " ind2=" ">
    <subfield code="a">11</subfield>
  </datafield>
  <datafield tag="923" ind1=" " ind2=" ">
    <subfield code="a">0</subfield>
  </datafield>
  <datafield tag="924" ind1=" " ind2=" ">
    <subfield code="a">NO APLICA</subfield>
  </datafield>
  <datafield tag="942" ind1=" " ind2=" ">
    <subfield code="c">Tesis</subfield>
  </datafield>
  <datafield tag="999" ind1=" " ind2=" ">
    <subfield code="c">4124</subfield>
    <subfield code="d">4124</subfield>
  </datafield>
</record>
